[Event "Botvinnik Memorial blitz op"]
[Site "St Petersburg"]
[Date "2012.08.24"]
[Round "1"]
[White "Myshkin, Nikita"]
[Black "Matlakov, Maxim"]
[Result "1/2-1/2"]
[WhiteElo "2299"]
[BlackElo "2668"]
[PlyCount "81"]
[EventDate "2012.08.24"]
[EventType "swiss (blitz)"]
[EventRounds "11"]
[EventCountry "RUS"]
[SourceTitle "EXT 2013"]
[Source "ChessBase"]
[SourceDate "2012.11.22"]
[SourceVersion "1"]
[SourceVersionDate "2012.11.22"]
[SourceQuality "1"]

1. d4 g6 2. Nf3 Bg7 3. c4 d6 4. Nc3 Bg4 5. h3 Bxf3 6. exf3 c5 7. dxc5 dxc5 8. Qxd8+ Kxd8 9. Bf4 Nc6 10. 0-0-0+ Nd4 11. Ne4 b6 12. Bd3 Bh6 13. Be3 Kc7 14. Rhe1 Bxe3+ 15. fxe3 Ne6 16. Nc3 Nf6 17. Nd5+ Nxd5 18. cxd5 Nf8 19. e4 Rd8 20. Bc4 e5 21. dxe6 Nxe6 22. Bxe6 fxe6 23. Kc2 g5 24. Rxd8 Rxd8 25. Rh1 Rg8 26. Kd2 Kd6 27. Rd1 b5 28. Ke3+ Kc7 29. e5 Rd8 30. Rxd8 Kxd8 31. f4 gxf4+ 32. Kxf4 Ke7 33. g4 Kf7 34. h4 Kg6 35. Ke4 a6 36. a4 Kf7 37. axb5 axb5 38. Kf4 h6 39. h5 Kg7 40. Ke4 Kh8 41. Ke3 1/2-1/2

[Event "Moscow op-A"]
[Site "Moscow"]
[Date "2012.02.05"]
[Round "9"]
[White "Myshkin, Nikita"]
[Black "Gagarin, Vasilij"]
[Result "1/2-1/2"]
[WhiteElo "2268"]
[BlackElo "2417"]
[PlyCount "110"]
[EventDate "2012.01.28"]
[EventType "swiss"]
[EventRounds "9"]
[EventCountry "RUS"]
[SourceTitle "CBM 146 Extra"]
[Source "ChessBase"]
[SourceDate "2012.02.29"]
[SourceVersion "1"]
[SourceVersionDate "2012.02.29"]
[SourceQuality "1"]

1. d4 d5 2. c4 c6 3. Nc3 Nf6 4. e3 e6 5. Nf3 Nbd7 6. Bd3 dxc4 7. Bxc4 b5 8. Bd3 Bd6 9. Nd2 Bb7 10. Nce4 Be7 11. Nxf6+ Nxf6 12. Nb3 Nd7 13. 0-0 Qb6 14. e4 e5 15. Be3 exd4 16. Nxd4 Bc5 17. Be2 0-0 18. b4 Bxd4 19. Bxd4 c5 20. bxc5 Nxc5 21. Rc1 Rac8 22. Bg4 Rc7 23. Qc2 Bxe4 24. Bxc5 Bxc2 25. Bxb6 axb6 26. Bf5 Bxf5 27. Rxc7 Be6 28. a3 g6 29. Rb1 Ra8 30. Rxb5 Rxa3 31. h3 h5 32. Rxb6 Ra1+ 33. Kh2 Re1 34. Rcb7 Kg7 35. h4 Re4 36. Rb4 Re2 37. Rb2 Re4 38. R7b4 Re1 39. f3 Kf6 40. Kg3 Ra1 41. Rf4+ Kg7 42. Rd4 Kf6 43. Kf2 Rc1 44. Re2 Ra1 45. Kg3 Rc1 46. Red2 Ra1 47. Kf4 Rh1 48. g3 Ra1 49. Ke3 Ra3+ 50. Kf2 Ra1 51. Kg2 Rc1 52. Rf4+ Kg7 53. g4 hxg4 54. fxg4 g5 55. hxg5 Kg6 1/2-1/2

[Event "Moscow op-A"]
[Site "Moscow"]
[Date "2012.02.03"]
[Round "7"]
[White "Chigaev, Maksim"]
[Black "Myshkin, Nikita"]
[Result "1-0"]
[WhiteElo "2397"]
[BlackElo "2268"]
[PlyCount "97"]
[EventDate "2012.01.28"]
[EventType "swiss"]
[EventRounds "9"]
[EventCountry "RUS"]
[SourceTitle "CBM 146 Extra"]
[Source "ChessBase"]
[SourceDate "2012.02.29"]
[SourceVersion "1"]
[SourceVersionDate "2012.02.29"]
[SourceQuality "1"]

1. e4 e5 2. Nf3 Nc6 3. Nc3 Nf6 4. g3 Bb4 5. Bg2 0-0 6. 0-0 d6 7. d3 h6 8. a3 Bc5 9. h3 a6 10. Be3 Bxe3 11. fxe3 Be6 12. Nh4 Ne7 13. Kh2 c6 14. d4 Nh7 15. Qd2 Qc7 16. d5 cxd5 17. exd5 Bd7 18. e4 b5 19. Nd1 a5 20. Ne3 g6 21. Nf3 Qb6 22. b4 Rfc8 23. Qf2 f6 24. Qd2 Qc7 25. c4 bxc4 26. Qc3 f5 27. Nd2 fxe4 28. Nxe4 Nf5 29. g4 Ne7 30. bxa5 Ng5 31. Nf6+ Kg7 32. h4 Nf7 33. Rf2 Ba4 34. Raf1 Nh8 35. Qb4 Bb3 36. h5 Rab8 37. Qc3 g5 38. Nf5+ Nxf5 39. Rxf5 Rf8 40. Qe3 Bc2 41. Be4 Bxe4 42. Qxe4 Rf7 43. R5f2 Kf8 44. Qf5 Rd8 45. Qe6 Kg7 46. Ne8+ Rxe8 47. Qxe8 c3 48. Qxh8+ Kxh8 49. Rxf7 1-0

[Event "Moscow op-A"]
[Site "Moscow"]
[Date "2012.01.31"]
[Round "4"]
[White "Myshkin, Nikita"]
[Black "Demidov, Mikhail"]
[Result "1/2-1/2"]
[WhiteElo "2268"]
[BlackElo "2451"]
[PlyCount "220"]
[EventDate "2012.01.28"]
[EventType "swiss"]
[EventRounds "9"]
[EventCountry "RUS"]
[SourceTitle "CBM 146 Extra"]
[Source "ChessBase"]
[SourceDate "2012.02.29"]
[SourceVersion "1"]
[SourceVersionDate "2012.02.29"]
[SourceQuality "1"]

1. d4 Nf6 2. Nf3 g6 3. c4 Bg7 4. Nc3 d6 5. g3 0-0 6. Bg2 Nc6 7. 0-0 a6 8. b3 Rb8 9. Nd5 Nd7 10. Bb2 e6 11. Nc3 Ne7 12. e4 b5 13. Qe2 bxc4 14. Qxc4 Bb7 15. Rfe1 d5 16. exd5 Nb6 17. Qe2 Nbxd5 18. Ne4 a5 19. Nc5 Bc6 20. Ne5 Be8 21. Qd2 Nc6 22. Nxc6 Bxc6 23. Rac1 Be8 24. Na6 Rb6 25. Nc5 Bc6 26. Qxa5 Nb4 27. Bxc6 Nxc6 28. Qd2 Qd5 29. Na4 Nxd4 30. Bxd4 Rd6 31. Rxc7 Bxd4 32. Qe2 Rfd8 33. Qe4 Qa5 34. Rc2 Rd5 35. Rf1 h5 36. Qe1 Qa8 37. Qe4 Qa7 38. Kg2 Re5 39. Qh4 Qa8+ 40. Kg1 Rd7 41. Qh3 Qf3 42. Qg2 Qd3 43. Rcc1 Re2 44. Nc5 Bxc5 45. Rxc5 Rxa2 46. Rc8+ Kg7 47. Qc6 Rb2 48. Qc5 Qd6 49. Qc3+ Qd4 50. Re1 Qxc3 51. Rxc3 Rd5 52. Rf3 g5 53. h3 Rb5 54. Ree3 Rb1+ 55. Kg2 Ra5 56. Re4 Kg6 57. Rd3 Ra3 58. Ree3 Ra2 59. g4 h4 60. Rc3 Raa1 61. Kf3 Rh1 62. Ke4 Rhf1 63. Re2 Ra5 64. Kd4 Rd5+ 65. Kc4 Rfd1 66. b4 R5d4+ 67. Kc5 Rd8 68. Kc4 Rb1 69. Re5 Rd2 70. Rf3 Rc2+ 71. Kb5 Rc8 72. Re4 Rb8+ 73. Ka4 e5 74. Rc4 f6 75. Re4 Rc8 76. Kb5 Rb8+ 77. Ka4 Ra8+ 78. Kb5 Rb2 79. Kc5 Rc8+ 80. Kb5 Rcc2 81. Ree3 Rxf2 82. Rxf2 Rxf2 83. Kc4 Rb2 84. Ra3 e4 85. b5 f5 86. Ra6+ Kf7 87. gxf5 e3 88. Kd3 Rxb5 89. Kxe3 Rxf5 90. Rd6 Ke7 91. Rc6 Kf7 92. Rd6 Rf4 93. Rc6 Kg7 94. Rd6 Rf6 95. Rd5 Kg6 96. Rd8 Ra6 97. Kf2 Ra2+ 98. Kg1 Re2 99. Rd5 Kf6 100. Kh1 Re5 101. Rd2 Kf5 102. Kg2 Re4 103. Ra2 Re5 104. Rb2 Ke4 105. Re2+ Kf4 106. Rd2 Ke3 107. Ra2 Re4 108. Rb2 Kd3 109. Rb3+ Kc2 110. Rb5 g4 1/2-1/2

[Event "Moscow op-A"]
[Site "Moscow"]
[Date "2012.01.28"]
[Round "1"]
[White "Gavrilov, Alexei"]
[Black "Myshkin, Nikita"]
[Result "1-0"]
[WhiteElo "2498"]
[BlackElo "2268"]
[PlyCount "101"]
[EventDate "2012.01.28"]
[EventType "swiss"]
[EventRounds "9"]
[EventCountry "RUS"]
[SourceTitle "CBM 146 Extra"]
[Source "ChessBase"]
[SourceDate "2012.02.29"]
[SourceVersion "1"]
[SourceVersionDate "2012.02.29"]
[SourceQuality "1"]

1. d4 Nf6 2. c4 e6 3. Nf3 b6 4. g3 Ba6 5. Qa4 Bb7 6. Bg2 c5 7. dxc5 bxc5 8. 0-0 Be7 9. Nc3 0-0 10. Rd1 Qb6 11. Bf4 Rd8 12. Rab1 h6 13. a3 a5 14. Qb5 Qa7 15. Qb3 d6 16. h3 Nc6 17. g4 Rab8 18. Qa4 Qb6 19. e3 Rbc8 20. Qb5 Qa7 21. Qb3 Ba6 22. Nd2 Nd7 23. Bg3 Qb6 24. Qxb6 Nxb6 25. Bf1 a4 26. b4 cxb4 27. axb4 Nb8 28. b5 Bb7 29. Ra1 d5 30. Nxa4 Nxc4 31. Nxc4 dxc4 32. Nb6 Rxd1 33. Rxd1 Re8 34. Nxc4 Bf3 35. Rd2 f6 36. Bg2 Bxg2 37. Kxg2 e5 38. f4 exf4 39. exf4 Rc8 40. Ne3 Bb4 41. Rd3 Kf7 42. f5 Bc5 43. Kf3 Ke8 44. Nd5 Nd7 45. Rc3 Kd8 46. Nf4 Kc7 47. Ne6+ Kb6 48. Rd3 Ne5+ 49. Bxe5 fxe5 50. Rc3 Kxb5 51. Ke4 1-0

[Event "Ivanovo Region-ch"]
[Site "Ivanovo"]
[Date "2011.12.18"]
[Round "9"]
[White "Myshkin, Nikita"]
[Black "Rogozjkin, Alexandr"]
[Result "0-1"]
[WhiteElo "2255"]
[BlackElo "1967"]
[PlyCount "116"]
[EventDate "2011.12.09"]
[EventType "swiss"]
[EventRounds "9"]
[EventCountry "RUS"]
[SourceTitle "CBM 146 Extra"]
[Source "ChessBase"]
[SourceDate "2012.02.29"]
[SourceVersion "1"]
[SourceVersionDate "2012.02.29"]
[SourceQuality "1"]

1. d4 f5 2. g3 Nf6 3. Bg2 g6 4. c4 Bg7 5. Nh3 d6 6. d5 c6 7. 0-0 0-0 8. Nc3 e5 9. dxe6 Bxe6 10. Qd3 Na6 11. Ng5 Qe7 12. Nxe6 Qxe6 13. Bf4 Rad8 14. Rad1 Nc5 15. Qe3 Rfe8 16. Qxe6+ Rxe6 17. Rfe1 a5 18. Be3 Rxe3 19. fxe3 Ng4 20. Rc1 Bh6 21. Nd1 Nxe3 22. Rb1 Nxc4 23. Bf3 Re8 24. Nf2 Be3 25. Kg2 Bd4 26. Nd3 Ne3+ 27. Kh1 Ne4 28. Bxe4 Rxe4 29. Rbc1 c5 30. b3 Kg7 31. Nf2 Re7 32. Nd3 g5 33. h3 Kg6 34. a3 b5 35. Kh2 h5 36. a4 b4 37. Kh1 Rc7 38. Nf2 d5 39. Nd1 g4 40. Nxe3 Bxe3 41. Rc2 Kf6 42. Kg2 Ke5 43. hxg4 hxg4 44. Rh1 c4 45. Rh8 Rc5 46. Rh1 cxb3 47. Rxc5 Bxc5 48. Rd1 b2 49. Rb1 Bd4 50. Kf1 f4 51. gxf4+ Kxf4 52. Ke1 Ke3 53. Kd1 g3 54. Kc2 g2 55. Rd1 Kxe2 56. Rd2+ Kf3 57. Rd3+ Be3 58. Kxb2 g1Q 0-1

[Event "Ivanovo Region-ch"]
[Site "Ivanovo"]
[Date "2011.12.17"]
[Round "6"]
[White "Belyaev, Mikhail Sergeevich"]
[Black "Myshkin, Nikita"]
[Result "0-1"]
[WhiteElo "2077"]
[BlackElo "2255"]
[PlyCount "24"]
[EventDate "2011.12.09"]
[EventType "swiss"]
[EventRounds "9"]
[EventCountry "RUS"]
[SourceTitle "CBM 146 Extra"]
[Source "ChessBase"]
[SourceDate "2012.02.29"]
[SourceVersion "1"]
[SourceVersionDate "2012.02.29"]
[SourceQuality "1"]

1. e4 e5 2. Nf3 Nc6 3. Nc3 f5 4. d4 fxe4 5. Nxe4 d5 6. Ng3 e4 7. Ne5 Nxe5 8. dxe5 Bc5 9. c4 c6 10. cxd5 cxd5 11. Bb5+ Bd7 12. Qb3 Qa5+ 0-1

[Event "Ivanovo Region-ch"]
[Site "Ivanovo"]
[Date "2011.12.10"]
[Round "3"]
[White "Myshkin, Nikita"]
[Black "Novikov, Vladimir"]
[Result "1-0"]
[WhiteElo "2255"]
[BlackElo "2073"]
[PlyCount "71"]
[EventDate "2011.12.09"]
[EventType "swiss"]
[EventRounds "9"]
[EventCountry "RUS"]
[SourceTitle "CBM 146 Extra"]
[Source "ChessBase"]
[SourceDate "2012.02.29"]
[SourceVersion "1"]
[SourceVersionDate "2012.02.29"]
[SourceQuality "1"]

1. d4 Nf6 2. c4 e6 3. Nf3 c5 4. g3 cxd4 5. Nxd4 d5 6. Bg2 e5 7. Nf3 d4 8. 0-0 Nc6 9. e3 Be7 10. exd4 exd4 11. Bf4 0-0 12. Ne5 Qb6 13. Qb3 Na5 14. Qxb6 axb6 15. Na3 Nh5 16. Bd2 Nf6 17. Nb5 Nd7 18. Nxd7 Bxd7 19. b3 Nc6 20. Nc7 Ra7 21. Nd5 Bd8 22. Rfe1 Re8 23. Bh3 Be6 24. Nf4 Bf6 25. Nxe6 fxe6 26. Bxe6+ Rxe6 27. Rxe6 d3 28. Rd1 Rxa2 29. Re3 Bd4 30. Re4 Rb2 31. b4 Bf6 32. Re3 Ne5 33. Bc3 Nxc4 34. Bxb2 Nxe3 35. fxe3 Bxb2 36. Rxd3 1-0

[Event "Moscow op-C"]
[Site "Moscow"]
[Date "2011.02.06"]
[Round "9"]
[White "Myshkin, Nikita"]
[Black "Rakhimgaliyev, Yerlan"]
[Result "1/2-1/2"]
[WhiteElo "2174"]
[BlackElo "2320"]
[PlyCount "130"]
[EventDate "2011.01.29"]
[EventType "swiss"]
[EventRounds "9"]
[EventCountry "RUS"]
[SourceTitle "EXT 2012"]
[Source "ChessBase"]
[SourceDate "2011.11.24"]
[SourceVersion "1"]
[SourceVersionDate "2011.11.24"]
[SourceQuality "1"]

1. d4 Nf6 2. c4 e6 3. Nf3 c5 4. d5 b5 5. Bg5 exd5 6. cxd5 d6 7. e4 a6 8. a4 Be7 9. Nbd2 Nxd5 10. Bxe7 Qxe7 11. axb5 0-0 12. Bc4 Nf4 13. 0-0 Bb7 14. Qb3 axb5 15. Bxb5 Nc6 16. Qe3 Ne6 17. Bxc6 Bxc6 18. Nc4 d5 19. exd5 Rxa1 20. Rxa1 Bxd5 21. Nb6 Bxf3 22. Qxf3 Nd4 23. Qd5 Nc2 24. Rf1 Rd8 25. Qc4 Nd4 26. Na4 Ne6 27. h3 h5 28. Nc3 Rd4 29. Qe2 Qg5 30. Qf3 Nf4 31. Ne2 Nxe2+ 32. Qxe2 g6 33. Rd1 Qf5 34. Re1 Rb4 35. Qe8+ Kh7 36. Qe5 Qxe5 37. Rxe5 Rc4 38. Kf1 Kg7 39. Ke1 Kf6 40. Re2 Rd4 41. Rd2 Ke5 42. Rxd4 Kxd4 43. Kd2 h4 44. Ke2 Kc4 45. Kd2 Kb3 46. Kc1 g5 47. Kb1 f6 48. Kc1 f5 49. f3 Kc4 50. Kc2 Kd4 51. Kd2 Ke5 52. Ke3 c4 53. Ke2 Kf4 54. Kf2 g4 55. fxg4 fxg4 56. hxg4 Kxg4 57. Ke2 Kg3 58. Kf1 Kf4 59. Kf2 Kg4 60. Ke2 Kf5 61. Kf3 Kg5 62. Ke3 Kg4 63. Ke2 Kf4 64. Kf2 Ke4 65. Ke2 Kd4 1/2-1/2

[Event "Moscow op-C"]
[Site "Moscow"]
[Date "2011.02.05"]
[Round "8"]
[White "Edzhibia, David"]
[Black "Myshkin, Nikita"]
[Result "0-1"]
[WhiteElo "2054"]
[BlackElo "2174"]
[PlyCount "96"]
[EventDate "2011.01.29"]
[EventType "swiss"]
[EventRounds "9"]
[EventCountry "RUS"]
[SourceTitle "EXT 2012"]
[Source "ChessBase"]
[SourceDate "2011.11.24"]
[SourceVersion "1"]
[SourceVersionDate "2011.11.24"]
[SourceQuality "1"]

1. e4 e5 2. Nf3 Nc6 3. Bb5 a6 4. Ba4 Nf6 5. 0-0 b5 6. Bb3 Be7 7. Re1 d6 8. h3 0-0 9. c3 Nb8 10. d4 Nbd7 11. Nbd2 Bb7 12. Bc2 Re8 13. Nf1 Bf8 14. Ng3 g6 15. Bd2 h6 16. Qc1 Kh7 17. Bd3 c5 18. b4 cxd4 19. cxd4 Rc8 20. Qb2 exd4 21. Qxd4 Bg7 22. Qe3 Nxe4 23. Bxe4 f5 24. Qf4 Bxe4 25. Nxe4 fxe4 26. Nh4 Qf6 27. Qg4 Ne5 28. Qxe4 d5 29. Qd4 Nc4 30. Qxf6 Bxf6 31. Nf3 Bxa1 32. Rxa1 Nxd2 33. Nxd2 Rc2 34. Nb3 Ree2 35. Rf1 Rxa2 36. Nc1 Kg7 37. Nxa2 Rxa2 38. Rd1 Rb2 39. Rxd5 Rxb4 40. Rd7+ Kf8 41. Kf1 a5 42. Ke2 a4 43. Rd2 a3 44. Kd3 Rb3+ 45. Kd4 Rb2 46. Rd3 b4 47. Rd1 a2 48. Ra1 b3 0-1

[Event "Moscow op-C"]
[Site "Moscow"]
[Date "2011.02.02"]
[Round "5"]
[White "Myshkin, Nikita"]
[Black "Shikin, Sergey"]
[Result "1-0"]
[WhiteElo "2174"]
[BlackElo "1797"]
[PlyCount "95"]
[EventDate "2011.01.29"]
[EventType "swiss"]
[EventRounds "9"]
[EventCountry "RUS"]
[SourceTitle "EXT 2012"]
[Source "ChessBase"]
[SourceDate "2011.11.24"]
[SourceVersion "1"]
[SourceVersionDate "2011.11.24"]
[SourceQuality "1"]

1. d4 Nf6 2. Nf3 g6 3. c4 Bg7 4. g3 0-0 5. Bg2 d5 6. cxd5 Nxd5 7. 0-0 c6 8. e4 Nb6 9. h3 Be6 10. Nc3 Qc8 11. Kh2 Rd8 12. Bg5 f6 13. Bc1 Bc4 14. Re1 e5 15. b3 Bf7 16. Ne2 exd4 17. Nf4 N8d7 18. Nd3 Ne5 19. Nfxe5 fxe5 20. Bg5 Re8 21. Qd2 Nd7 22. Bh6 Bh8 23. f4 c5 24. Rac1 b6 25. Bf3 Qb7 26. h4 Rac8 27. h5 b5 28. f5 Bf6 29. Bg5 Qb6 30. fxg6 hxg6 31. hxg6 Bxg6 32. Bg4 c4 33. Bxf6 Nxf6 34. Bxc8 Rxc8 35. Nxe5 Nxe4 36. Qf4 Rf8 37. Qxf8+ Kxf8 38. Nd7+ Kg7 39. Nxb6 axb6 40. Rxe4 Bxe4 41. bxc4 d3 42. cxb5 Kf6 43. Kg1 Ke5 44. Kf2 Kd4 45. Rc6 Bf5 46. Rxb6 Bg4 47. Rd6+ Kc3 48. Ke3 1-0

[Event "Moscow op-C"]
[Site "Moscow"]
[Date "2011.02.01"]
[Round "4"]
[White "Gureev, Dmitry"]
[Black "Myshkin, Nikita"]
[Result "1-0"]
[WhiteElo "2038"]
[BlackElo "2174"]
[PlyCount "75"]
[EventDate "2011.01.29"]
[EventType "swiss"]
[EventRounds "9"]
[EventCountry "RUS"]
[SourceTitle "EXT 2012"]
[Source "ChessBase"]
[SourceDate "2011.11.24"]
[SourceVersion "1"]
[SourceVersionDate "2011.11.24"]
[SourceQuality "1"]

1. d4 Nf6 2. c4 e6 3. Nc3 Bb4 4. e3 c5 5. Bd3 Nc6 6. Nf3 0-0 7. 0-0 d5 8. a3 Bxc3 9. bxc3 Qc7 10. Qc2 dxc4 11. Bxc4 e5 12. d5 Na5 13. Ba2 e4 14. Nd2 Qe5 15. f4 exf3 16. Nxf3 Qe4 17. Qf2 c4 18. Ng5 Qxd5 19. e4 Nxe4 20. Nxe4 Qxe4 21. Bf4 Be6 22. Rae1 Qc6 23. Bb1 Bd5 24. Qh4 h6 25. Be5 f6 26. Bf4 f5 27. Be5 Be4 28. Qg3 Qd7 29. Rd1 Bd3 30. Bxd3 cxd3 31. Rxd3 Qe7 32. Bd6 Qf6 33. Bxf8 Rxf8 34. Rd7 Nc4 35. Kh1 g5 36. Rxb7 Nd6 37. Rxa7 Rc8 38. Ra6 1-0

[Event "Moscow op-C"]
[Site "Moscow"]
[Date "2011.01.30"]
[Round "2"]
[White "Ovetchkin, Roman"]
[Black "Myshkin, Nikita"]
[Result "1-0"]
[WhiteElo "2498"]
[BlackElo "2174"]
[PlyCount "67"]
[EventDate "2011.01.29"]
[EventType "swiss"]
[EventRounds "9"]
[EventCountry "RUS"]
[SourceTitle "EXT 2012"]
[Source "ChessBase"]
[SourceDate "2011.11.24"]
[SourceVersion "1"]
[SourceVersionDate "2011.11.24"]
[SourceQuality "1"]

1. e4 c5 2. Nf3 d6 3. d4 cxd4 4. Nxd4 Nf6 5. Nc3 Nc6 6. h3 e6 7. g4 Be7 8. g5 Nd7 9. h4 a6 10. Be3 Qc7 11. Be2 b5 12. Nxc6 Qxc6 13. Qd4 0-0 14. 0-0-0 Rb8 15. h5 Re8 16. h6 Bf8 17. hxg7 Bxg7 18. Qxd6 Qxd6 19. Rxd6 Bf8 20. Rd2 Nb6 21. e5 Bb7 22. Rh4 b4 23. Nd1 Nd5 24. Bd3 Be7 25. f4 Red8 26. Rdh2 Nxe3 27. Nxe3 Bc5 28. Ng4 Kf8 29. Rxh7 Bf3 30. Nh6 Be3+ 31. Kb1 Rbc8 32. Rh8+ Kg7 33. Rxd8 Rxd8 34. Rh3 1-0

[Event "Ivanovo Region-ch"]
[Site "Ivanovo"]
[Date "2010.12.19"]
[Round "9.3"]
[White "Golovkin, Aleksey"]
[Black "Myshkin, Nikita"]
[Result "0-1"]
[WhiteElo "2061"]
[BlackElo "2162"]
[PlyCount "80"]
[EventDate "2010.12.10"]
[EventType "tourn"]
[EventRounds "9"]
[EventCountry "RUS"]
[SourceTitle "EXT 2022"]
[Source "ChessBase"]
[SourceDate "2021.10.06"]
[SourceVersion "1"]
[SourceVersionDate "2021.10.06"]
[SourceQuality "1"]

1. d4 Nf6 2. c4 c6 3. Nc3 d5 4. e3 a6 5. a3 Bf5 6. Nf3 e6 7. c5 Nbd7 8. b4 Ne4 9. Bb2 g5 10. Nd2 Nxc3 11. Bxc3 Bg7 12. Nb3 e5 13. Na5 Qc7 14. g4 Bg6 15. h4 gxh4 16. Rxh4 0-0 17. Bd3 e4 18. Be2 f5 19. gxf5 Rxf5 20. Bg4 Rg5 21. Kd2 Nf6 22. Be6+ Kh8 23. Qh1 Bh5 24. Rf4 Bf3 25. Qh4 Rh5 26. Qg3 Qe7 27. Rg1 Rh6 28. Bf5 Nh5 29. Qh4 Qf7 30. Bg6 Nxf4 31. Bxf7 Rxh4 32. exf4 Rxf4 33. Be6 Rf6 34. Bd7 Rd8 35. Bh3 Rf7 36. a4 Bh6+ 37. Ke1 e3 38. Rg3 Re8 39. Kf1 Bh1 40. Ke2 exf2+ 0-1

[Event "Ivanovo Region-ch"]
[Site "Ivanovo"]
[Date "2010.12.11"]
[Round "2.4"]
[White "Berberyan, Mishik"]
[Black "Myshkin, Nikita"]
[Result "0-1"]
[WhiteElo "2013"]
[BlackElo "2162"]
[PlyCount "108"]
[EventDate "2010.12.10"]
[EventType "tourn"]
[EventRounds "9"]
[EventCountry "RUS"]
[SourceTitle "EXT 2022"]
[Source "ChessBase"]
[SourceDate "2021.10.06"]
[SourceVersion "1"]
[SourceVersionDate "2021.10.06"]
[SourceQuality "1"]

1. e4 c5 2. c3 Nf6 3. e5 Nd5 4. Bc4 Nb6 5. Bb3 d5 6. d4 cxd4 7. cxd4 Nc6 8. Nc3 g6 9. Nge2 Bg7 10. Bg5 h6 11. Be3 0-0 12. Qd2 Kh7 13. h4 h5 14. Nf4 Nc4 15. Qe2 Nxe3 16. fxe3 Bg4 17. Qb5 e6 18. Bd1 Bxd1 19. Rxd1 Ne7 20. Qe2 Nf5 21. Rh3 Nh6 22. e4 dxe4 23. Nxe4 Qe7 24. Nf2 Rad8 25. a3 Rd7 26. g4 hxg4 27. Nxg4 Qd8 28. Nxh6 Bxh6 29. h5 g5 30. Qe4+ Kh8 31. Ng2 f5 32. exf6 Qxf6 33. Qe5 Qxe5+ 34. dxe5 Rxd1+ 35. Kxd1 Rf2 36. Ne1 g4 37. Rd3 g3 38. Rd8+ Kg7 39. Rd3 Kf7 40. Rf3+ Ke7 41. Rf6 Be3 42. Nf3 Rxf3 43. Rxf3 g2 44. Rxe3 g1Q+ 45. Kd2 Qh2+ 46. Re2 Qxh5 47. Re3 Qh2+ 48. Re2 Qf4+ 49. Kc2 Kd7 50. Kd3 Kc6 51. Re4 Qf1+ 52. Kd2 Kd5 53. Re3 Kd4 54. Rb3 Kxe5 0-1

[Event "Kostroma Volga Cup op"]
[Site "Kostroma"]
[Date "2010.07.??"]
[Round "4"]
[White "Morozov, Grigory"]
[Black "Myshkin, Nikita"]
[Result "1/2-1/2"]
[WhiteElo "2370"]
[BlackElo "2083"]
[PlyCount "61"]
[EventDate "2010.07.??"]
[EventType "swiss"]
[EventRounds "9"]
[EventCountry "RUS"]
[SourceTitle "EXT 2011"]
[Source "ChessBase"]
[SourceDate "2010.11.26"]
[SourceVersion "1"]
[SourceVersionDate "2010.11.26"]
[SourceQuality "1"]

1. d4 d5 2. Nf3 Nf6 3. c4 c6 4. cxd5 cxd5 5. Nc3 Nc6 6. Bf4 Bf5 7. e3 e6 8. Bb5 Nd7 9. 0-0 Be7 10. a3 0-0 11. Be2 Rc8 12. h3 Na5 13. Qa4 a6 14. Rfc1 Nc4 15. b4 h6 16. Ne1 Ndb6 17. Qb3 Nd2 18. Qa2 Ne4 19. Nxe4 Bxe4 20. Nd3 Bxd3 21. Bxd3 Qd7 22. Qe2 Rxc1+ 23. Rxc1 Rc8 24. Rc2 Rxc2 25. Qxc2 Qc8 26. Qxc8+ Nxc8 27. e4 Bd6 28. Bxd6 Nxd6 29. f3 f5 30. exd5 exd5 31. f4 1/2-1/2

[Event "Ivanovo Derbenev op"]
[Site "Ivanovo"]
[Date "2010.06.26"]
[Round "6"]
[White "Myshkin, Nikita"]
[Black "Yefimov, Mstislav"]
[Result "1-0"]
[WhiteElo "2083"]
[BlackElo "2050"]
[PlyCount "93"]
[EventDate "2010.06.20"]
[EventType "swiss"]
[EventRounds "9"]
[EventCountry "RUS"]
[SourceTitle "CBM 137 Extra"]
[Source "ChessBase"]
[SourceDate "2010.09.01"]
[SourceVersion "1"]
[SourceVersionDate "2010.09.01"]
[SourceQuality "1"]

1. d4 d5 2. c4 c6 3. Nc3 Nf6 4. Nf3 a6 5. c5 Nbd7 6. Bf4 Nh5 7. Be3 Qc7 8. g3 e5 9. Nxe5 Nxe5 10. dxe5 Qxe5 11. Bg2 Bg4 12. Qd4 Qxd4 13. Bxd4 Be7 14. 0-0 0-0 15. b4 Bf6 16. e3 Rfe8 17. a4 Bxd4 18. exd4 Nf6 19. Rfe1 Bf5 20. f3 Bd3 21. Kf2 Kf8 22. Bh3 Ng8 23. Rxe8+ Rxe8 24. b5 Rb8 25. Ke3 Bc4 26. bxc6 bxc6 27. Rb1 Rxb1 28. Nxb1 Bb3 29. a5 Bc4 30. Na3 Ne7 31. Kd2 f5 32. Nxc4 dxc4 33. Bf1 Nd5 34. Bxc4 Nc7 35. Ke3 Ke7 36. Kf4 Kf6 37. h4 g6 38. g4 fxg4 39. fxg4 Ke7 40. Ke5 Kd7 41. Bg8 h6 42. Bf7 g5 43. hxg5 hxg5 44. Kf6 Nb5 45. Kxg5 Nxd4 46. Kf6 Nf3 47. g5 1-0

[Event "Ivanovo Derbenev op"]
[Site "Ivanovo"]
[Date "2010.06.22"]
[Round "2"]
[White "Myshkin, Nikita"]
[Black "Belyaev, Mikhail Sergeevich"]
[Result "1/2-1/2"]
[WhiteElo "2083"]
[BlackElo "1997"]
[PlyCount "102"]
[EventDate "2010.06.20"]
[EventType "swiss"]
[EventRounds "9"]
[EventCountry "RUS"]
[SourceTitle "CBM 137 Extra"]
[Source "ChessBase"]
[SourceDate "2010.09.01"]
[SourceVersion "1"]
[SourceVersionDate "2010.09.01"]
[SourceQuality "1"]

1. d4 Nc6 2. Nf3 d5 3. c4 Bg4 4. cxd5 Bxf3 5. dxc6 Bxc6 6. Nc3 e6 7. a3 Nf6 8. f3 Nh5 9. g3 f5 10. Be3 g6 11. Bg2 Bg7 12. 0-0 0-0 13. Bf2 Qd7 14. e3 Rad8 15. b4 Kh8 16. a4 a6 17. Qe2 Qd6 18. b5 Bd7 19. bxa6 Qxa6 20. Qxa6 bxa6 21. Rfc1 Bc8 22. Rab1 g5 23. Na2 f4 24. Rxc7 fxe3 25. Bxe3 Bxd4 26. Bxd4+ Rxd4 27. Rb8 Rdd8 28. Nb4 Bd7 29. Rxd8 Rxd8 30. Nc6 Rc8 31. Rxd7 Rxc6 32. Bf1 g4 33. fxg4 Nf6 34. Ra7 Nxg4 35. Rxa6 Rc1 36. Rxe6 Nxh2 37. Kxh2 Rxf1 38. a5 Ra1 39. a6 Kg7 40. Kh3 Ra4 41. g4 Ra3+ 42. Kh4 h6 43. Rb6 Ra1 44. Kg3 Ra4 45. Kf3 Kh7 46. Re6 Kg7 47. Re7+ Kg6 48. Ra7 Kg5 49. Ra8 Ra3+ 50. Ke4 Kxg4 51. a7 Kh3 1/2-1/2

[Event "Kostroma Volga Cup op"]
[Site "Kostroma"]
[Date "2009.07.??"]
[Round "2"]
[White "Myshkin, Nikita"]
[Black "Zabotin, Alexander"]
[Result "0-1"]
[WhiteElo "2092"]
[BlackElo "2510"]
[PlyCount "74"]
[EventDate "2009.07.03"]
[EventType "swiss"]
[EventRounds "9"]
[EventCountry "RUS"]
[SourceTitle "EXT 2021"]
[Source "ChessBase"]
[SourceDate "2020.10.23"]
[SourceVersion "1"]
[SourceVersionDate "2020.10.23"]
[SourceQuality "1"]

1. d4 Nf6 2. Nf3 g6 3. Bf4 Bg7 4. e3 0-0 5. h3 d6 6. Be2 c5 7. 0-0 Nc6 8. c3 cxd4 9. exd4 Nd5 10. Bh2 e5 11. dxe5 dxe5 12. Re1 e4 13. Bc4 Nb6 14. Qxd8 Rxd8 15. Nfd2 Bh6 16. Bc7 Bxd2 17. Bxd8 Bxe1 18. Bxb6 axb6 19. Kf1 Bxf2 20. Kxf2 Kg7 21. Na3 Ne5 22. Be2 Bd7 23. Nc2 Be6 24. Ke3 f5 25. b3 Rd8 26. Nd4 Kf6 27. g4 Bc8 28. Rf1 Nc6 29. h4 Ke5 30. Nb5 Ne7 31. Bc4 fxg4 32. Rf7 Nf5+ 33. Ke2 g3 34. Nd4 Nxd4+ 35. cxd4+ Kxd4 36. Rxh7 Bg4+ 37. Kf1 Bf3 0-1